000 00314 a2200133 4500
000 nam a22 7a 4500
100 _aJenkins,H
110 _aJenkins,H
245 _aIntroduction to communication studies
250 _alatest edition
260 _bRoutledge
_c2026
264 _bRoutledge
_c2026
942 _cBK
999 _c397301
_d397301